Top 5 US Baby Boy Names by Letter - 2021 - Statistics

General Stats
  • This quiz has been taken 462 times
    429 since last reset
  • The average score is 55 of 110
Answer Stats
Letter Names % Correct
O Oliver
89%
D David
86%
H Henry
86%
D Daniel
85%
J James
84%
J Jack
83%
B Benjamin
82%
M Michael
82%
A Alexander
81%
W William
81%
I Isaac
80%
A Andrew
78%
L Liam
78%
M Matthew
78%
T Thomas
78%
V Victor
78%
E Ethan
77%
J John
77%
L Lucas
77%
P Peter
77%
C Charles
76%
N Noah
76%
R Robert
76%
Z Zachary
76%
E Elijah
75%
N Nathan
74%
S Samuel
74%
J Jacob
73%
V Vincent
73%
O Oscar
70%
N Nicholas
69%
M Mason
68%
J Jackson
67%
O Owen
67%
C Christopher
66%
R Ryan
66%
I Ian
65%
A Anthony
63%
D Dylan
63%
A Aiden
62%
I Ivan
62%
K Kevin
62%
L Leo
62%
N Nathaniel
61%
T Tyler
60%
F Finn
59%
G Gabriel
59%
L Logan
58%
I Isaiah
56%
S Sebastian
55%
T Theo
55%
P Patrick
54%
H Hunter
53%
C Caleb
52%
C Carter
52%
W Wyatt
52%
H Harrison
50%
T Theodore
50%
L Levi
47%
P Parker
47%
F Finley
45%
G Grayson
45%
C Cameron
44%
E Elias
43%
Z Zane
40%
F Felix
39%
H Hayden
39%
W Wesley
39%
A Asher
38%
E Ezra
38%
H Hudson
38%
M Mateo
38%
N Nolan
38%
K Kai
37%
D Dominic
35%
E Ezekiel
33%
W Weston
33%
F Francisco
32%
P Preston
32%
R Roman
31%
Z Zion
31%
K Kayden
30%
I Israel
28%
O Omar
28%
B Bennett
27%
D Declan
27%
R Rowan
27%
G Greyson
26%
O Orion
23%
S Silas
23%
Z Zayden
23%
R River
22%
S Sawyer
22%
F Fernando
21%
Z Zayn
21%
B Beau
20%
B Brooks
20%
M Maverick
19%
P Phoenix
18%
S Santiago
18%
B Bryson
16%
G Giovanni
16%
W Waylon
15%
G Gael
14%
T Thiago
14%
V Valentino
14%
K Kingston
13%
K Kaiden
11%
V Vincenzo
6%
V Vicente
5%
No matching quizzes found
Score Distribution
Percent of People with Each Score
Percentile by Number Answered
Your Score History
You have not taken this quiz since the last reset